000 00284nam a22001337a 4500
008 170324b xxu||||| |||| 00| 0 eng d
020 _a068417149x
041 _aeng
080 _a615.82
100 _a8
101 _ashm
245 _aFOOTBALL COACHING
_cHERBERT, D
942 _2udc
_cBK
999 _c8623
_d8623